| 000 | 00977cam a2200217 4500 | ||
|---|---|---|---|
| 001 | WB@3612-542 | ||
| 008 | 040714n2004 000 0 eng u | ||
| 035 | _a(Sirsi) u126772 | ||
| 245 | _aFSA guidance for property managers | ||
| 260 | _c2004 | ||
| 490 |
_aRICS News Release _v9 July 2004 (1) |
||
| 520 | _aThe FSA has published its' "Guidance for property managers". This clarifies the position of property managing agents under the new regime for general insurance regulation - which comes into force 14 January 2005. The guidance can be found at: http://www.fsa.gov.uk/mgi/property_guidance_note.p df. http://www.rics.org/ricscms/bin/show?class=News&te mplate=includes/print/shownews.html&id=9393&facult y=RICS | ||
| 590 | _aWB | ||
| 590 | _aWB | ||
| 650 | _aFINANCIAL SERVICES AUTHORITY REGULATIONS | ||
| 650 |
_aProperty management _96262 |
||
| 650 | _aGENERAL INSURANCE REGULATION | ||
| 650 |
_aInsurance _96249 |
||
| 690 |
_aINSURANCE _96249 |
||
| 942 | _n0 | ||
| 999 |
_c117693 _d117693 |
||